Welcome to the Holygrace Academy Library

Please use search bar below to get started

THE VETERAN (Record no. 3161)

MARC details
000 -LEADER
fixed length control field 00621nam a22001457a 4500
020 ## - INTERNATIONAL STANDARD BOOK NUMBER
ISBN 0-552-14923-3
082 ## - DEWEY DECIMAL CLASSIFICATION NUMBER
Classification number 823
Item number FOR/V
100 ## - MAIN ENTRY--AUTHOR NAME
Personal name FORSYTH,FREDERICK
245 ## - TITLE STATEMENT
Title THE VETERAN
260 ## - PUBLICATION, DISTRIBUTION, ETC. (IMPRINT)
Place of publication LONDON
Name of publisher CORGI BOOKS
300 ## - PHYSICAL DESCRIPTION
Number of Pages 461
520 ## - SUMMARY, ETC.
Summary, etc On a grimy sidewalk in a defeated neighborhood, an old man is beaten to death. When a cop investigates, he finds two killers and a startling legacy of honor ... In a prestigious London art gallery an impoverished actor is swindled out of a fortune-until an eccentric appraiser hatches a delicious scheme for revenge...
650 ## - SUBJECT ADDED ENTRY--TOPICAL TERM
Topical Term ENGLISH- NOVEL
Geographic subdivision LONDON
942 ## - ADDED ENTRY ELEMENTS (KOHA)
Koha item type Books
Holdings
Withdrawn status Lost status Collection code Home library Current library Shelving location Date acquired Source of acquisition Full call number Accession Number Koha item type
    Fiction Main Library Main Library SHELF-2-I ENGLIAH NOVEL TEACHERS 17/06/2010 PURCHASE 823 FOR/V 05380 Books